Bahan

Bibliographic Details
Format: Book
Published: Petaling Jaya : Penerbit Fajar Bakti Sdn. Bhd. , 1994
Subjects:

MARC

LEADER 00000cam a2200000 7i4500
001 0000007721
002 000008291
005 20000330.0
020 |a 9676503738 
090 0 0 |a J 500   |b JEN 
245 1 0 |a Bahan   |c Terry Jennings 
260 |a Petaling Jaya :   |b Penerbit Fajar Bakti Sdn. Bhd. ,   |c 1994 
300 |a 32 p. :   |b ill ;   |c 25 cm. 
650 0 0 |a Materials   |x Juvenile literature 
999 |a 0010988   |b BUKU   |c PINJAMAN   |e PERPUSTAKAAN KOMUNITI PETALING JAYA